000 00513nam a2200169 i 4500
001 147620
003 ES-MaACL
005 20230906202152.0
007 t|
008 071004s1977 sp ||||1| spa d
080 _a342.1(861)(094.4)
100 1 _aUribe Vargas, Diego.
_9112166
245 1 4 _aLas constituciones de Colombia :
_b(historia crítica y textos) /
_cDiego Uribe Vargas.
260 _aMadrid :
_bInstituto de Cultura Hispánica,
_c1977.
300 _a2 v. ;
_c25 cm.
852 4 _aES-MaACL
_jA-10848-49
999 _c147620
_d147620